<?xml version="1.0" encoding="UTF-8"?>
<record
    xmlns:xsi="http://www.w3.org/2001/XMLSchema-instance"
    xsi:schemaLocation="http://www.loc.gov/MARC21/slim http://www.loc.gov/standards/marcxml/schema/MARC21slim.xsd"
    xmlns="http://www.loc.gov/MARC21/slim">

  <leader>00581cam a22002291  4500</leader>
  <controlfield tag="001">sa 68006355 </controlfield>
  <controlfield tag="003">DLC</controlfield>
  <controlfield tag="005">20260227112515.0</controlfield>
  <controlfield tag="008">900220s1966    ii            000 0 urdr </controlfield>
  <datafield tag="010" ind1=" " ind2=" ">
    <subfield code="a">sa 68006355 </subfield>
  </datafield>
  <datafield tag="035" ind1=" " ind2=" ">
    <subfield code="a">(OCoLC)21098190</subfield>
  </datafield>
  <datafield tag="040" ind1=" " ind2=" ">
    <subfield code="a">DLC</subfield>
    <subfield code="c">WaU</subfield>
    <subfield code="d">DLC</subfield>
  </datafield>
  <datafield tag="041" ind1="1" ind2=" ">
    <subfield code="a">urd</subfield>
    <subfield code="h">pus</subfield>
  </datafield>
  <datafield tag="050" ind1="0" ind2="0">
    <subfield code="a">PL6825.U7</subfield>
    <subfield code="b">B8</subfield>
  </datafield>
  <datafield tag="100" ind1="1" ind2=" ">
    <subfield code="a">Buk&#x332;h&#x332;&#x101;r&#x12B;, F&#x101;rig&#x332;h&#x332;.</subfield>
  </datafield>
  <datafield tag="245" ind1="1" ind2="0">
    <subfield code="a">Pusht&#x16B; sh&#x101;&#x2BB;ir&#x12B;.</subfield>
  </datafield>
  <datafield tag="260" ind1=" " ind2=" ">
    <subfield code="c">[1966]</subfield>
  </datafield>
  <datafield tag="300" ind1=" " ind2=" ">
    <subfield code="a">v.</subfield>
    <subfield code="c">22 cm.</subfield>
  </datafield>
  <datafield tag="500" ind1=" " ind2=" ">
    <subfield code="a">In Urdu.</subfield>
  </datafield>
  <datafield tag="650" ind1=" " ind2="0">
    <subfield code="a">Pushto poetry</subfield>
    <subfield code="x">Translations into Urdu.</subfield>
  </datafield>
  <datafield tag="700" ind1="0" ind2=" ">
    <subfield code="a">Raz&#x324;&#x101; Hamd&#x101;n&#x12B;,</subfield>
    <subfield code="d">1914-1994.</subfield>
  </datafield>
  <datafield tag="999" ind1=" " ind2=" ">
    <subfield code="c">81276</subfield>
    <subfield code="d">81276</subfield>
  </datafield>
</record>
